US State Capital Locations #4 - Multiple Choice - Statistics

General Stats
  • This quiz has been taken 11 times
  • The average score is 9 of 12
Answer Stats
Question Answer % Correct
Where is the capital of Florida?
100%
Where is the capital of Michigan?
100%
Where is the capital of Illinois?
91%
Where is the capital of Idaho?
82%
Where is the capital of New Hampshire?
82%
Where is the capital of Missouri?
82%
Where is the capital of Iowa?
73%
Where is the capital of Alabama?
64%
Where is the capital of Hawaii?
64%
Where is the capital of Tennessee?
64%
Where is the capital of South Carolina?
55%
Where is the capital of Washington?
27%
No matching quizzes found
Score Distribution
Percent of People with Each Score
Percentile by Number Answered
Your Score History
You have not taken this quiz